[Event "28. Klatovy B 2022"]
[Site "Klatovy"]
[Date "2022.07.10"]
[Round "9.7"]
[White "Rezac, Jindrich"]
[Black "Sindelar, Jan 2000"]
[Result "1/2-1/2"]
[WhiteElo "1833"]
[BlackElo "1466"]
[PlyCount "38"]
[EventDate "2022.07.02"]
[EventType "swiss"]
[EventRounds "9"]
[EventCountry "CZE"]

1. c4 e5 2. g3 g6 3. Bg2 Bg7 4. Nc3 Nf6 5. Nf3 Nc6 6. d4 exd4 7. Nxd4 Ne7 8. e4 d6 9. O-O O-O 10. h3 Rb8 11. Be3 a6 12. Re1 Be6 13. Nxe6 fxe6 14. Qd2 Nc6 15. Rab1 Qe7 16. a3 Ne5 17. Qe2 Nfd7 18. f4 Nc6 19. Qd2 Na5 1/2-1/2

[Event "28. Klatovy B 2022"]
[Site "Klatovy"]
[Date "2022.07.10"]
[Round "9.8"]
[White "Koper, Stefan"]
[Black "Svec, Ludek"]
[Result "1-0"]
[WhiteElo "1829"]
[BlackElo "1585"]
[PlyCount "70"]
[EventDate "2022.07.02"]
[EventType "swiss"]
[EventRounds "9"]
[EventCountry "CZE"]

1. d4 Nf6 2. c4 e6 3. Nc3 d5 4. cxd5 exd5 5. Bg5 c6 6. e3 Be7 7. Bd3 Nbd7 8. Nf3 O-O 9. O-O h6 10. Bh4 Re8 11. Na4 Ne4 12. Bxe4 dxe4 13. Bxe7 Qxe7 14. Nd2 b5 15. Nc3 Nf6 16. Rc1 b4 17. Ne2 Bd7 18. Rc5 Nd5 19. Ng3 Nf6 20. Nc4 Nd5 21. Ne5 Nf6 22. Qc2 Rec8 23. Nxd7 Nxd7 24. Rxc6 Rxc6 25. Qxc6 Nf6 26. Rc1 Rd8 27. h3 g6 28. Rc5 Rd6 29. Qb5 Rb6 30. Qc4 a6 31. Re5 Qb7 32. Rc5 Qe7 33. Ne2 Kg7 34. Nf4 Kh7 35. Rc7 Qe8 1-0

[Event "28. Klatovy B 2022"]
[Site "Klatovy"]
[Date "2022.07.10"]
[Round "9.9"]
[White "Rudlof, Jan"]
[Black "Sova, Zdenek"]
[Result "1/2-1/2"]
[WhiteElo "1767"]
[BlackElo "1669"]
[PlyCount "56"]
[EventDate "2022.07.02"]
[EventType "swiss"]
[EventRounds "9"]
[EventCountry "CZE"]

1. d4 d5 2. c4 e6 3. Nc3 Nf6 4. cxd5 exd5 5. Bg5 c6 6. e3 Be7 7. Bd3 O-O 8. Qc2 h6 9. Bh4 Re8 10. Nge2 Nbd7 11. O-O Ne4 12. Bxe7 Qxe7 13. b4 Nxc3 14. Qxc3 Nf6 15. b5 Bd7 16. bxc6 Bxc6 17. Qb3 Ne4 18. Bxe4 Qxe4 19. Rfc1 a6 20. a4 Rad8 21. Rc5 Rd6 22. Rac1 Red8 23. a5 g5 24. Qc2 Qe6 25. Ng3 Qd7 26. Qf5 Qe7 27. Qg4 Qf6 28. Qf5 Qe7 1/2-1/2

[Event "28. Klatovy B 2022"]
[Site "Klatovy"]
[Date "2022.07.10"]
[Round "9.10"]
[White "Zak, Jiri1"]
[Black "Pucholt, Martin 1978"]
[Result "0-1"]
[WhiteElo "1732"]
[BlackElo "1566"]
[PlyCount "102"]
[EventDate "2022.07.02"]
[EventType "swiss"]
[EventRounds "9"]
[EventCountry "CZE"]

1. e4 c5 2. f4 g6 3. Nf3 Bg7 4. Bc4 Nh6 5. O-O O-O 6. c3 d6 7. d4 Nc6 8. Bb3 Bg4 9. h3 Bxf3 10. Rxf3 cxd4 11. f5 Ne5 12. Rf1 dxc3 13. Nxc3 Kh8 14. Be3 Ng8 15. Qd2 Nf6 16. Rad1 a6 17. Bh6 Rc8 18. Qe3 Qc7 19. Rc1 Qc5 20. Qxc5 Rxc5 21. Be3 Rcc8 22. g4 Nc4 23. Bxc4 Rxc4 24. b3 Rc6 25. g5 Nh5 26. Nd5 Ng3 27. Rfe1 Rxc1 28. Bxc1 Bd4+ 29. Kg2 e6 30. Ne7 Be5 31. f6 Nh5 32. Kf3 Nxf6 33. gxf6 Bxf6 34. Nd5 exd5 35. exd5 Be5 36. Re4 Rc8 37. Bf4 f6 38. Bxe5 fxe5 39. Rb4 b5 40. a4 Rc5 41. Ke4 Kg7 42. h4 Kh6 43. Ke3 Rxd5 44. Re4 Rc5 45. Kd3 bxa4 46. bxa4 Rd5+ 47. Ke3 Rd4 48. Rxd4 exd4+ 49. Kxd4 Kh5 50. Kd5 Kxh4 51. Kxd6 g5 0-1

[Event "28. Klatovy B 2022"]
[Site "Klatovy"]
[Date "2022.07.10"]
[Round "9.11"]
[White "Vavrinkova, Jitka"]
[Black "Berka, Lubos"]
[Result "1/2-1/2"]
[WhiteElo "1548"]
[BlackElo "1677"]
[PlyCount "85"]
[EventDate "2022.07.02"]
[EventType "swiss"]
[EventRounds "9"]
[EventCountry "CZE"]

1. e4 c6 2. d4 d5 3. e5 e6 4. Bd3 c5 5. c3 Nc6 6. Bc2 Qb6 7. Nf3 Nh6 8. a3 Nf5 9. Bxf5 exf5 10. O-O c4 11. Nbd2 Na5 12. Rb1 f4 13. Re1 Bf5 14. Qa4+ Kd8 15. Ra1 Be7 16. h3 g5 17. g4 fxg3 18. fxg3 Bxh3 19. Kh2 Bd7 20. Qd1 Qe6 21. Nf1 Qh3+ 22. Kg1 h6 23. Re2 Nb3 24. Ra2 Kc7 25. N3d2 Nxc1 26. Qxc1 Qg4 27. Rf2 Raf8 28. b3 b5 29. a4 a6 30. axb5 Bxb5 31. bxc4 dxc4 32. Qe1 h5 33. Qe3 Qe6 34. Ne4 f5 35. Nxg5 Bxg5 36. Qxg5 Rhg8 37. Qxh5 Rh8 38. Qe2 Rfg8 39. Rh2 Rxh2 40. Qxh2 f4 41. Rf2 fxg3 42. Qh7+ Kc8 43. Rf7 1/2-1/2

[Event "28. Klatovy B 2022"]
[Site "Klatovy"]
[Date "2022.07.10"]
[Round "9.13"]
[White "Bara, Jan"]
[Black "Devera, Filip"]
[Result "1-0"]
[WhiteElo "1616"]
[BlackElo "1287"]
[PlyCount "65"]
[EventDate "2022.07.02"]
[EventType "swiss"]
[EventRounds "9"]
[EventCountry "CZE"]

1. d4 Nf6 2. c4 g6 3. Nc3 Bg7 4. Nf3 O-O 5. e4 d6 6. Bg5 c5 7. dxc5 dxc5 8. Be2 Nc6 9. O-O b6 10. Qa4 Bd7 11. Qc2 Qc7 12. Nd5 Qb8 13. Bf4 e5 14. Bg5 Nxd5 15. cxd5 Nd4 16. Nxd4 exd4 17. a4 Qe5 18. f4 d3 19. fxe5 dxc2 20. Rac1 Bxa4 21. Bd3 Bxe5 22. Bxc2 Bb5 23. Rf3 Bxb2 24. Rb1 Bd4+ 25. Kh1 Bd7 26. h3 f5 27. Be7 Rf7 28. d6 Bf6 29. Bb3 Bxe7 30. dxe7 Re8 31. exf5 Bxf5 32. Bxf7+ Kxf7 33. g4 1-0

[Event "28. Klatovy B 2022"]
[Site "Klatovy"]
[Date "2022.07.10"]
[Round "9.15"]
[White "Koupil, Stepan"]
[Black "Hanzlik, Jiri"]
[Result "1-0"]
[WhiteElo "1450"]
[BlackElo "1609"]
[PlyCount "85"]
[EventDate "2022.07.02"]
[EventType "swiss"]
[EventRounds "9"]
[EventCountry "CZE"]

1. e4 e6 2. d4 d5 3. exd5 Qxd5 4. c4 Qd8 5. Nf3 Nf6 6. Bd3 Bb4+ 7. Bd2 Bxd2+ 8. Nbxd2 Nc6 9. Nb3 b6 10. O-O O-O 11. Re1 Ba6 12. Rc1 Nb4 13. Ne5 Nxa2 14. Ra1 Nb4 15. Be2 Bb7 16. Ra4 a5 17. Bf3 Bxf3 18. Qxf3 Nc2 19. Rd1 Nd7 20. Nc6 Qe8 21. Rc1 Nb4 22. Nxb4 axb4 23. Rxb4 Qe7 24. c5 bxc5 25. dxc5 Ne5 26. Qe4 Qf6 27. f4 Nd7 28. c6 Nb6 29. Nd4 Nd5 30. Rb7 Qxf4 31. Qxf4 Nxf4 32. Rxc7 Rfd8 33. Rd7 Nd5 34. c7 Rdc8 35. Nb5 Nb6 36. Rd6 Nd5 37. Rdc6 Ne7 38. R6c5 Ra6 39. Kf2 Rb6 40. Na7 Rxb2+ 41. Kg1 Rf8 42. c8=Q Nxc8 43. Rxc8 1-0

[Event "28. Klatovy B 2022"]
[Site "Klatovy"]
[Date "2022.07.10"]
[Round "9.16"]
[White "Sobr, Vaclav"]
[Black "Hampel, Rudolf"]
[Result "1-0"]
[WhiteElo "1474"]
[BlackElo "1598"]
[PlyCount "31"]
[EventDate "2022.07.02"]
[EventType "swiss"]
[EventRounds "9"]
[EventCountry "CZE"]

1. e4 c5 2. c4 Nc6 3. Nc3 e6 4. Nf3 Nge7 5. d4 cxd4 6. Nxd4 Ng6 7. Ndb5 Bb4 8. Nd6+ Ke7 9. Ndb5 a6 10. Nd4 Qc7 11. Be3 Re8 12. Be2 Bd6 13. Nf5+ Kf8 14. Qxd6+ Qxd6 15. Nxd6 Rd8 16. O-O 1-0

[Event "28. Klatovy B 2022"]
[Site "Klatovy"]
[Date "2022.07.10"]
[Round "9.17"]
[White "Bukvaj, Jan"]
[Black "Kubat, Zbynek"]
[Result "1/2-1/2"]
[WhiteElo "1342"]
[BlackElo "1596"]
[PlyCount "32"]
[EventDate "2022.07.02"]
[EventType "swiss"]
[EventRounds "9"]
[EventCountry "CZE"]

1. e4 e5 2. Nf3 Nc6 3. d4 exd4 4. Bc4 h6 5. Nxd4 Bc5 6. Be3 Nxd4 7. Bxd4 Bxd4 8. Qxd4 Qg5 9. O-O d6 10. f4 Qc5 11. Qxc5 dxc5 12. Nc3 c6 13. Rad1 Bg4 14. Rd2 b5 15. Be2 Bxe2 16. Rxe2 O-O-O 1/2-1/2

[Event "28. Klatovy B 2022"]
[Site "Klatovy"]
[Date "2022.07.10"]
[Round "9.18"]
[White "Vavrousek, Petr"]
[Black "Kovar, Vaclav 1953"]
[Result "0-1"]
[WhiteElo "1517"]
[BlackElo "1619"]
[PlyCount "62"]
[EventDate "2022.07.02"]
[EventType "swiss"]
[EventRounds "9"]
[EventCountry "CZE"]

1. e4 e5 2. Nf3 Nc6 3. Bb5 d6 4. c3 Nf6 5. d4 Bd7 6. Nbd2 exd4 7. cxd4 Be7 8. O-O O-O 9. Re1 a6 10. Ba4 Bg4 11. Nf1 Bxf3 12. gxf3 Ne8 13. Ng3 Bg5 14. f4 Bf6 15. Be3 g6 16. a3 Bg7 17. Rc1 Ne7 18. Bc2 Qd7 19. Qe2 Nf6 20. f5 Rae8 21. Qf3 Nc6 22. h4 Re7 23. Kg2 h5 24. fxg6 fxg6 25. Qd1 Ng4 26. Qd3 Ref7 27. Bb3 Qe7 28. Rh1 Kh7 29. Bxf7 Qxf7 30. Rc2 Qf3+ 31. Kg1 Bxd4 0-1

[Event "28. Klatovy B 2022"]
[Site "Klatovy"]
[Date "2022.07.10"]
[Round "9.19"]
[White "Studzinski, Boleslav"]
[Black "Nova, Anezka"]
[Result "1-0"]
[WhiteElo "1583"]
[BlackElo "1060"]
[PlyCount "135"]
[EventDate "2022.07.02"]
[EventType "swiss"]
[EventRounds "9"]
[EventCountry "CZE"]

1. e4 e5 2. Nc3 Nc6 3. a3 Nf6 4. f4 exf4 5. Nf3 d5 6. e5 Ne4 7. d4 Be7 8. Bxf4 Bg4 9. Qd3 Bxf3 10. gxf3 Bh4+ 11. Bg3 Nxg3 12. hxg3 Bxg3+ 13. Ke2 g6 14. Bg2 Qd7 15. Raf1 Ne7 16. f4 Qg4+ 17. Qf3 Qxf3+ 18. Rxf3 Nf5 19. Kd3 Bh4 20. Bh3 Be7 21. Bxf5 gxf5 22. Nxd5 Kd7 23. Ne3 f6 24. Nxf5 fxe5 25. Nxe7 e4+ 26. Kxe4 Kxe7 27. Rfh3 Kd6 28. Rh6+ Kd7 29. Rxh7+ Rxh7 30. Rxh7+ Kd6 31. Rh6+ Kd7 32. c4 Re8+ 33. Kd3 Rf8 34. Ke3 Re8+ 35. Kf3 Rf8 36. Rh2 Kd6 37. Rh6+ Kd7 38. Rh5 Kd6 39. b4 b6 40. Re5 Rh8 41. Re3 Rh1 42. Ke4 Rh5 43. c5+ bxc5 44. bxc5+ Ke6 45. Rf3 c6 46. Rg3 Kf6 47. Rg5 Rh1 48. Rf5+ Ke6 49. Re5+ Kf6 50. Kd3 Ra1 51. f5 Rxa3+ 52. Ke4 Ra6 53. Re6+ Kf7 54. Ke5 Ra1 55. Rxc6 Re1+ 56. Kd5 Re7 57. Ra6 Rd7+ 58. Rd6 Rc7 59. c6 a5 60. Kc4 Ke7 61. Re6+ Kf7 62. d5 a4 63. f6 a3 64. Kb3 Ra7 65. Re7+ Rxe7 66. fxe7 Kxe7 67. Kxa3 Kd6 68. Kb4 1-0

[Event "28. Klatovy B 2022"]
[Site "Klatovy"]
[Date "2022.07.10"]
[Round "9.21"]
[White "Cyron, Karel"]
[Black "Barth, Vit"]
[Result "1-0"]
[WhiteElo "1708"]
[BlackElo "1310"]
[PlyCount "47"]
[EventDate "2022.07.02"]
[EventType "swiss"]
[EventRounds "9"]
[EventCountry "CZE"]

1. e4 Nc6 2. Nf3 d6 3. c3 e5 4. Bb5 Bd7 5. O-O Nf6 6. Re1 g6 7. d4 exd4 8. cxd4 a6 9. Ba4 Bg7 10. e5 Nd5 11. exd6+ Be6 12. Bg5 Bf6 13. dxc7 Nxc7 14. Bxf6 Qxf6 15. Bxc6+ bxc6 16. Qc2 O-O 17. Qxc6 Nd5 18. Nc3 Nb4 19. Qa4 Nd3 20. Ne4 Qf4 21. Re3 Nxb2 22. Qb4 Rab8 23. Qe7 Nc4 24. Nf6+ 1-0

[Event "28. Klatovy B 2022"]
[Site "Klatovy"]
[Date "2022.07.10"]
[Round "9.22"]
[White "Beran, Jakub"]
[Black "Stanke, Vilem"]
[Result "1/2-1/2"]
[WhiteElo "1676"]
[BlackElo "1314"]
[PlyCount "25"]
[EventDate "2022.07.02"]
[EventType "swiss"]
[EventRounds "9"]
[EventCountry "CZE"]

1. c4 Nf6 2. d4 d5 3. cxd5 Nxd5 4. e4 Nf6 5. Nc3 g6 6. Bc4 c6 7. Nge2 Bg7 8. O-O O-O 9. f3 b5 10. Bb3 Qb6 11. Be3 Bb7 12. Bf2 Qc7 13. Rc1 1/2-1/2

[Event "28. Klatovy B 2022"]
[Site "Klatovy"]
[Date "2022.07.10"]
[Round "9.23"]
[White "Josko, Jiri"]
[Black "Maly, Jiri 2011"]
[Result "1/2-1/2"]
[WhiteElo "1584"]
[BlackElo "1249"]
[PlyCount "52"]
[EventDate "2022.07.02"]
[EventType "swiss"]
[EventRounds "9"]
[EventCountry "CZE"]

1. d4 d5 2. Bf4 c5 3. c3 Nf6 4. e3 Nc6 5. Nd2 Qb6 6. Qc2 Bg4 7. Be2 Bxe2 8. Nxe2 e6 9. Nf3 Be7 10. O-O O-O 11. h3 Rac8 12. Qb3 Nd7 13. Qxb6 Nxb6 14. b3 a5 15. a3 c4 16. Rfb1 Nd7 17. b4 a4 18. g4 f6 19. Bg3 Nb6 20. Ra2 Nd7 21. Rd2 b5 22. Nf4 Kf7 23. Rbd1 g5 24. Ng2 Nb6 25. Nfe1 e5 26. f3 exd4 1/2-1/2

[Event "28. Klatovy B 2022"]
[Site "Klatovy"]
[Date "2022.07.10"]
[Round "9.24"]
[White "Levinsky, Ladislav"]
[Black "Kusova, Nikola"]
[Result "1-0"]
[WhiteElo "1498"]
[BlackElo "1250"]
[PlyCount "71"]
[EventDate "2022.07.02"]
[EventType "swiss"]
[EventRounds "9"]
[EventCountry "CZE"]

1. Nf3 Nf6 2. d4 e6 3. Bf4 d5 4. e3 c5 5. c3 Qb6 6. Qc2 Nc6 7. Nbd2 c4 8. Be2 Be7 9. Rb1 Bd7 10. Ne5 O-O 11. Nxd7 Nxd7 12. Nf3 f6 13. h3 e5 14. dxe5 fxe5 15. Bh2 Qa5 16. a3 d4 17. Bxc4+ Kh8 18. O-O b5 19. Bd3 dxc3 20. bxc3 Rab8 21. Bxh7 Bxa3 22. Be4 Rbc8 23. Bxc6 Rxc6 24. Ng5 g6 25. Qd3 Rc7 26. Qxg6 Nf6 27. Bxe5 Qb6 28. Rbd1 Re7 29. Qh6+ Kg8 30. Bd4 Qa6 31. f4 Qc6 32. f5 Rg7 33. Rd2 Bc5 34. Ne6 Rgf7 35. Qg6+ Kh8 36. Bxf6+ 1-0

[Event "28. Klatovy B 2022"]
[Site "Klatovy"]
[Date "2022.07.10"]
[Round "9.25"]
[White "Fadrny, Jachym"]
[Black "Rychtecky, Pavel"]
[Result "0-1"]
[WhiteElo "1198"]
[BlackElo "1482"]
[PlyCount "42"]
[EventDate "2022.07.02"]
[EventType "swiss"]
[EventRounds "9"]
[EventCountry "CZE"]

1. e4 e5 2. Nf3 Nc6 3. Bc4 Bc5 4. c3 Nf6 5. d4 exd4 6. cxd4 Bb4+ 7. Bd2 Nxe4 8. Bxb4 Nxb4 9. Bxf7+ Kxf7 10. Qb3+ d5 11. Ne5+ Ke6 12. Qxb4 a5 13. Qb3 Qf6 14. O-O c6 15. f3 Rf8 16. Re1 Kd6 17. Qe3 Ng5 18. Ng4 Bxg4 19. fxg4 Rae8 20. Qg3+ Kd7 21. Rd1 Re2 0-1

[Event "28. Klatovy B 2022"]
[Site "Klatovy"]
[Date "2022.07.10"]
[Round "9.26"]
[White "Vajdik, Josef"]
[Black "Stross, Frantisek 1952"]
[Result "0-1"]
[WhiteElo "1305"]
[BlackElo "1414"]
[PlyCount "112"]
[EventDate "2022.07.02"]
[EventType "swiss"]
[EventRounds "9"]
[EventCountry "CZE"]

1. e4 e5 2. Nf3 Nc6 3. Bc4 Bc5 4. c3 Nf6 5. d3 h6 6. h3 d6 7. O-O Be6 8. Bb5 Bd7 9. Ba4 a6 10. Bc2 O-O 11. Re1 Ne7 12. d4 exd4 13. cxd4 Bb6 14. Nc3 d5 15. e5 Nh7 16. Bf4 c6 17. Ne2 g5 18. Bc1 f5 19. Ng3 Qe8 20. Nh2 Be6 21. f4 c5 22. Kh1 cxd4 23. Ne2 Nc6 24. Ba4 Qc8 25. Bxc6 bxc6 26. Nxd4 Bxd4 27. Qxd4 c5 28. Qd1 Qe8 29. fxg5 Nxg5 30. Bxg5 hxg5 31. Qd2 Qg6 32. Nf3 f4 33. Rac1 Rfc8 34. Qa5 c4 35. Nd4 g4 36. Nxe6 Qxe6 37. Qc3 gxh3 38. Qxh3 Qxh3+ 39. gxh3 Ra7 40. Rg1+ Rg7 41. Rxg7+ Kxg7 42. Kg2 Kg6 43. Kf3 Kf5 44. Re1 c3 45. bxc3 Rxc3+ 46. Kg2 Ke6 47. h4 Rc2+ 48. Kf3 Rxa2 49. Kxf4 Ra4+ 50. Kg5 d4 51. Re4 Rc4 52. h5 Kd5 53. Kf5 d3 54. Rxc4 d2 55. e6 d1=Q 56. e7 Qxh5+ 0-1

[Event "28. Klatovy B 2022"]
[Site "Klatovy"]
[Date "2022.07.10"]
[Round "9.27"]
[White "Studzinski, David 2002"]
[Black "Bukvaj, Martin"]
[Result "0-1"]
[WhiteElo "1284"]
[BlackElo "1410"]
[PlyCount "88"]
[EventDate "2022.07.02"]
[EventType "swiss"]
[EventRounds "9"]
[EventCountry "CZE"]

1. d3 e5 2. c3 Nf6 3. g3 d5 4. Bg2 Nc6 5. Nd2 Bc5 6. e4 d4 7. Ngf3 dxc3 8. bxc3 Qxd3 9. Bb2 O-O 10. Nb3 Qxe4+ 11. Qe2 Qxe2+ 12. Kxe2 Bb6 13. h3 Be6 14. Nbd2 Rfe8 15. Ng5 Bd5 16. Bxd5 Nxd5 17. c4 Ndb4 18. a3 Nc2 19. Rac1 N2d4+ 20. Bxd4 Nxd4+ 21. Kd3 Rad8 22. Kc3 Ne2+ 23. Kc2 Nxc1 24. Rxc1 h6 25. Nge4 f5 26. c5 fxe4 27. cxb6 cxb6 28. Re1 Rd4 29. Nxe4 Rc8+ 30. Kb2 Kf7 31. a4 Rcc4 32. f3 Rxa4 33. Kb3 Rab4+ 34. Kc3 Rbc4+ 35. Kb3 b5 36. Ra1 Ra4 37. Rc1 Rd3+ 38. Kb2 Rc4 39. Ra1 a6 40. g4 Ke6 41. g5 Rxf3 42. gxh6 Rxe4 43. Rg1 Re2+ 44. Kb1 gxh6 0-1

[Event "28. Klatovy B 2022"]
[Site "Klatovy"]
[Date "2022.07.10"]
[Round "9.28"]
[White "Berkovec, Jakub"]
[Black "Jedlicka, Pavel"]
[Result "0-1"]
[WhiteElo "1191"]
[BlackElo "1406"]
[PlyCount "76"]
[EventDate "2022.07.02"]
[EventType "swiss"]
[EventRounds "9"]
[EventCountry "CZE"]

1. e4 c6 2. Nc3 d6 3. Nf3 Bg4 4. h3 Bh5 5. d4 Nd7 6. Be3 e5 7. Be2 Ngf6 8. dxe5 Bxf3 9. Bxf3 dxe5 10. a3 a5 11. O-O Qc7 12. Qe2 b5 13. Nb1 Bc5 14. Bxc5 Nxc5 15. Nd2 O-O 16. Rad1 Na4 17. Rb1 Rfd8 18. Nb3 Qb6 19. c3 c5 20. Qc2 c4 21. Nd2 Nc5 22. b4 Nd3 23. Ra1 a4 24. Rad1 h5 25. Be2 Qc6 26. Bf3 g5 27. g4 Nf4 28. Kh2 hxg4 29. hxg4 Kg7 30. Kg3 Rh8 31. Rh1 Qb6 32. Nb1 Nd3 33. Qe2 Nd7 34. Rxd3 cxd3 35. Qxd3 Rxh1 36. Bxh1 Rd8 37. Qe2 Qh6 38. Kg2 Rh8 0-1

[Event "28. Klatovy B 2022"]
[Site "Klatovy"]
[Date "2022.07.10"]
[Round "9.29"]
[White "Pasek, Josef"]
[Black "Lickova, Anna"]
[Result "1-0"]
[WhiteElo "1314"]
[BlackElo "1016"]
[PlyCount "105"]
[EventDate "2022.07.02"]
[EventType "swiss"]
[EventRounds "9"]
[EventCountry "CZE"]

1. d4 d5 2. Nf3 Nf6 3. g3 c6 4. Bg2 Bf5 5. O-O e6 6. b3 Bd6 7. c4 h6 8. Bb2 O-O 9. Nbd2 Nbd7 10. Ne5 a6 11. Rc1 Rc8 12. Re1 b6 13. Nxd7 Qxd7 14. e4 dxe4 15. d5 Be7 16. dxc6 Qxc6 17. Bxf6 Bxf6 18. Nxe4 Bxe4 19. Bxe4 Qc5 20. Qe2 Bd4 21. Bb7 Rc7 22. Bxa6 Ra8 23. Bb5 Qa3 24. Rc2 Qc5 25. Rd1 Ra5 26. Qd2 Rxb5 27. cxb5 Bxf2+ 28. Qxf2 Qxc2 29. Qxc2 Rxc2 30. Rd8+ Kh7 31. a4 Rc3 32. Rd6 Rxb3 33. Rxb6 Rb1+ 34. Kg2 Rb2+ 35. Kh3 g5 36. g4 Rb3+ 37. Kg2 Rb4 38. a5 Rxg4+ 39. Kf3 Ra4 40. a6 Ra3+ 41. Ke4 f5+ 42. Ke5 f4 43. Kf6 f3 44. Rb7+ Kg8 45. Rg7+ Kf8 46. Rf7+ Ke8 47. Kg6 g4 48. a7 f2 49. b6 e5 50. b7 Ra6+ 51. Kg7 Rd6 52. b8=Q+ Rd8 53. Qxe5# 1-0

[Event "28. Klatovy B 2022"]
[Site "Klatovy"]
[Date "2022.07.10"]
[Round "9.32"]
[White "Zrust, Lukas"]
[Black "Kroulik, Stepan"]
[Result "1-0"]
[WhiteElo "1266"]
[BlackElo "1134"]
[PlyCount "89"]
[EventDate "2022.07.02"]
[EventType "swiss"]
[EventRounds "9"]
[EventCountry "CZE"]

1. e4 c5 2. Nf3 Nc6 3. d4 cxd4 4. Nxd4 g6 5. Be3 Bg7 6. Nc3 Nf6 7. f3 O-O 8. Bc4 d6 9. Qd2 Re8 10. O-O-O Bd7 11. Bh6 Bh8 12. h4 Nxd4 13. Qxd4 Ng4 14. Qd2 Nxh6 15. Qxh6 Bg7 16. Qf4 Rf8 17. h5 Be5 18. Qd2 Qc7 19. Bb3 Bg7 20. hxg6 hxg6 21. Nd5 Qd8 22. Qg5 Re8 23. Qxg6 e6 24. Qh7+ Kf8 25. Nf4 Qf6 26. Nd3 Ke7 27. Qh4 Rg8 28. Qxf6+ Bxf6 29. g4 a5 30. a3 b5 31. Kd2 Rgc8 32. f4 Bc6 33. Ke3 Bb7 34. g5 Bh8 35. Rh7 Kf8 36. Rxh8+ Kg7 37. Rxc8 Rxc8 38. f5 exf5 39. exf5 a4 40. Ba2 Rxc2 41. Rc1 Rg2 42. Rc7 Ba6 43. Rxf7+ Kh8 44. Nf4 Rxb2 45. Ng6+ 1-0

[Event "28. Klatovy B 2022"]
[Site "Klatovy"]
[Date "2022.07.10"]
[Round "9.33"]
[White "Skalicky, Jindrich"]
[Black "Flajsman, Zdenek"]
[Result "0-1"]
[WhiteElo "1152"]
[BlackElo "1588"]
[PlyCount "86"]
[EventDate "2022.07.02"]
[EventType "swiss"]
[EventRounds "9"]
[EventCountry "CZE"]

1. e4 e5 2. Nf3 Nc6 3. Bb5 a6 4. Bxc6 dxc6 5. d4 exd4 6. Qxd4 Qxd4 7. Nxd4 g6 8. Bf4 Bg7 9. c3 Nf6 10. Bxc7 Nxe4 11. O-O O-O 12. Re1 Nf6 13. Nd2 Nd5 14. Bg3 c5 15. N4f3 b5 16. Bd6 Rd8 17. Bxc5 Bb7 18. a3 Nxc3 19. bxc3 Bxc3 20. Ra2 Bxf3 21. gxf3 Rxd2 22. Rxd2 Bxd2 23. Rd1 Bc3 24. Rc1 Bb2 25. Rb1 Rc8 26. Rxb2 Rxc5 27. Rb3 a5 28. Kg2 Kg7 29. f4 h6 30. Kf3 g5 31. fxg5 hxg5 32. Kg4 Kg6 33. f4 f5+ 34. Kf3 b4 35. axb4 Rb5 36. fxg5 Kxg5 37. Ke2 Rxb4 38. Ra3 a4 39. Kd1 f4 40. Ke2 Kg4 41. Kf1 f3 42. h4 Kg3 43. Ra1 Rxh4 0-1

[Event "28. Klatovy B 2022"]
[Site "Klatovy"]
[Date "2022.07.10"]
[Round "9.34"]
[White "Veverka, Max"]
[Black "Kotesovec, Jaroslav"]
[Result "0-1"]
[WhiteElo "1078"]
[BlackElo "1543"]
[PlyCount "62"]
[EventDate "2022.07.02"]
[EventType "swiss"]
[EventRounds "9"]
[EventCountry "CZE"]

1. d4 d5 2. e3 Nf6 3. Bd3 Nc6 4. Nf3 e6 5. Nbd2 Bd6 6. O-O O-O 7. e4 dxe4 8. Nxe4 Nxe4 9. Bxe4 f6 10. c3 a5 11. Re1 Ne7 12. Be3 f5 13. Bc2 Qe8 14. a4 b6 15. Bb3 Kh8 16. Bd2 Ng6 17. Ne5 Bxe5 18. dxe5 Bb7 19. f4 Nh4 20. Re2 Qc6 21. Qf1 b5 22. Be3 Ba6 23. Rf2 Rfd8 24. Bd4 b4 25. Qd1 Bb7 26. Qf1 Ba6 27. Qd1 Bb7 28. Qf1 Rg8 29. Rc1 Qd7 30. g3 g5 31. h3 gxf4 0-1

[Event "28. Klatovy B 2022"]
[Site "Klatovy"]
[Date "2022.07.10"]
[Round "9.35"]
[White "Rezny, Frantisek"]
[Black "Deverova, Tereza 1992"]
[Result "1-0"]
[WhiteElo "1517"]
[BlackElo "1175"]
[PlyCount "73"]
[EventDate "2022.07.02"]
[EventType "swiss"]
[EventRounds "9"]
[EventCountry "CZE"]

1. e4 e6 2. e5 d5 3. exd6 cxd6 4. d4 d5 5. Nf3 Nc6 6. Bb5 Bd7 7. O-O a6 8. Ba4 Nf6 9. c3 Be7 10. Bc2 Qc7 11. Bg5 O-O-O 12. Re1 Bd6 13. Bh4 Ne7 14. Ne5 Be8 15. Bg3 Nc6 16. a4 Bxe5 17. dxe5 Ne4 18. Bxe4 dxe4 19. Qe2 Nxe5 20. Qxe4 Bc6 21. Qxe5 Qxe5 22. Bxe5 Rd5 23. c4 Rc5 24. Nd2 f6 25. Bd4 Rg5 26. g3 Rd8 27. Be3 Re5 28. b4 Rxe3 29. Rxe3 Rxd2 30. Rxe6 Bd7 31. Re7 Rd4 32. Ree1 Rxc4 33. Rec1 Rxc1+ 34. Rxc1+ Kd8 35. a5 Ke8 36. Rc7 Bc6 37. Rxg7 1-0

[Event "28. Klatovy B 2022"]
[Site "Klatovy"]
[Date "2022.07.10"]
[Round "9.37"]
[White "Rudlof, Adam"]
[Black "Rudlof, Jan"]
[Result "1/2-1/2"]
[WhiteElo "1438"]
[BlackElo "1767"]
[PlyCount "57"]
[EventDate "2022.07.02"]
[EventType "swiss"]
[EventRounds "9"]
[EventCountry "CZE"]

1. e4 e5 2. Nf3 Nf6 3. Nc3 Nc6 4. Bb5 d6 5. d4 exd4 6. Nxd4 Bd7 7. O-O Be7 8. Bxc6 Bxc6 9. Nxc6 bxc6 10. f4 O-O 11. Qf3 Qd7 12. Be3 Rfd8 13. Rad1 Rab8 14. b3 a6 15. Rd3 Qg4 16. Bd4 Qxf3 17. Rfxf3 c5 18. Bxf6 Bxf6 19. Nd5 Bd4+ 20. Kf1 Rd7 21. c3 c6 22. cxd4 cxd5 23. exd5 cxd4 24. Rxd4 Rc7 25. Rc4 Rxc4 26. bxc4 Rb1+ 27. Ke2 Rb2+ 28. Ke3 Rxg2 29. Rf2 1/2-1/2